Hacia un nuevo orden económico internacional: temas prioritarios para América Latina

Uloženo v:
Podrobná bibliografie
Hlavní autoři: Ffrench-Davis, Ricardo (Autor), Tironi, Ernesto (Autor)
Médium: Kniha
Jazyk:španělština
Vydáno: Ciudad de México CIEPLAM 1981
Témata:
Tagy: Přidat tag
Žádné tagy, Buďte první, kdo vytvoří štítek k tomuto záznamu!

MARC

LEADER 00000nam a2200000 a 4500
001 UCX8297
003 CL-VaPUC
008 940323e19810000MX |||||||||||||||||spa|d
082 0 4 |a 330  |b FFR  |2 21 
100 0 |a Ffrench-Davis, Ricardo  |e author  |9 325396 
700 0 |a Tironi, Ernesto  |e author  |9 325397 
245 1 0 |a Hacia un nuevo orden económico internacional: temas prioritarios para América Latina 
300 |a 305 p 
942 |c BK 
945 |d 19940323 00:00:00  |a nfarias 
260 |a Ciudad de México  |b CIEPLAM  |c 1981 
650 0 |a Economía internacional  |9 258254 
650 7 |a RELACIONES ECONOMICAS EXTERIORES  |2 CL-VaPUC  |9 259071 
651 0 |a América Latina   |9 255027 
583 |a last modification  |c 19940323 00:00:00  |k Rodrigo Vera 
999 |c 227848  |d 227846 
952 |0 0  |1 0  |4 0  |6 330_000000000000000_FFR_1981  |7 0  |8 A  |9 227117  |a BIBING  |b BIBING  |d 2019-11-15  |i 2963574  |o 330 FFR 1981  |p 2963574  |r 2025-01-20  |w 2019-11-15  |y BK  |k GEO 
952 |0 0  |1 0  |4 0  |6 330_000000000000000_FFR_1981  |7 0  |8 A  |9 227118  |a BIBDER  |b BIBDER  |d 2019-11-15  |i 3908801  |o 330 FFR 1981  |p 3908801  |r 2023-01-25  |w 2019-11-15  |y BK  |k DER